| 000 | 00609nam a2200193 a 4500 | ||
|---|---|---|---|
| 001 | 2702 | ||
| 003 | CDMR | ||
| 005 | 20131112171451.0 | ||
| 008 | 130130s1991||||||||||||||||||||||||||||d | ||
| 040 |
_aCDMR _bcat _cCDMR |
||
| 100 | 1 |
_aSan Agustín, Arturo _92019 |
|
| 245 | 1 | 0 |
_aMamá, quiero ser periodista _b: toda la verdad -o casi- sobre el oficio más loco del mundo _cArturo San Agustín |
| 260 |
_aBarcelona _c1991 _bEdiciones B |
||
| 300 |
_a256 p ; _c19 cm |
||
| 490 | 0 |
_aDolce Vita _v24 |
|
| 650 | 0 | 4 |
_92030 _aPeriodisme _xOrientació professional |
| 650 | 0 | 4 |
_94187 _aPeriodisme _xAnècdotes |
| 942 |
_cMON _2udc |
||
| 999 |
_c2702 _d2702 |
||